Occupational mobility, educational mobility and integrational transmission of disadvantages in Europe

Analýza dát EU-SILC 2011. Preukázanie silného pozitívneho vzťahu medzi mobilitiou a prenosom chudoby.

Gespeichert in:
Bibliographische Detailangaben
1. Verfasser: Želinský, Tomáš
Weitere Verfasser: Mysíková, Martina, Večerník, Jiří
Format: Buchkapitel
Sprache:Englisch
Schlagworte:
Tags: Tag hinzufügen
Keine Tags, Fügen Sie das erste Tag hinzu!

MARC

LEADER 00000naa a2200000 4500
001 0217363
005 20220204145254.9
041 0 |a eng 
044 |a SK 
245 1 0 |a Occupational mobility, educational mobility and integrational transmission of disadvantages in Europe  |c Tomáš Želinský, Martina Mysíková, Jiří Večerník 
520 |a Analýza dát EU-SILC 2011. Preukázanie silného pozitívneho vzťahu medzi mobilitiou a prenosom chudoby. 
610 2 0 |a mobilita sociálna 
610 2 0 |a chudoba 
610 2 0 |a Európska únia 
610 2 0 |a analýzy 
100 1 |a Želinský, Tomáš 
700 1 |a Mysíková, Martina 
700 1 |a Večerník, Jiří